000 00713nam a2200265Ia 4500
003 OSt
005 20220912150834.0
006 a|||||r|||| 00| 0
007 ta
008 220909b |||||||| |||| 00| 0 eng d
024 _a24446
037 _cTextual
040 _aCSL
_beng
_cCSL
041 _aeng
082 _aB62, M2
100 _aKallaher Michael J
245 0 _aAffine planes with transitive collineation groups
260 _aNew York
_b North Holland
_c1982
300 _axii, 155p.
_ccm.
500 _aBibliography 149-152p.
_ccm.
650 _a Collineation
650 _aGeometry-Affine
942 _hB62, M2
_cTEXL
_2CC
999 _c55916
_d55916